Do jakiego kraju należy ta jednostka administracyjna?? - Statystyki

Ogólne statystyki
  • Ten quiz został rozwiązany 30 razy
  • Średni wynik to 10 z 16
Statystyki odpowiedzi
Nazwa Jednostka administracyjna Państwo % Poprawnych
Lubuskie Województwo Polska
89%
Szardża Emirat Zjednoczone Emiraty Arabskie
89%
Brandenburgia Kraj związkowy Niemcy
85%
Pendżab Stan Indie
81%
Queensland Stan Australia
78%
Dystrykt Hajfa Dystrykt Izrael
74%
Pendżab Prowincja Pakistan
74%
Kurlandia Kraina historyczna Łotwa
70%
Cuzco Region Peru
67%
Ararat Prowincja Armenia
59%
Aomori Prefektura Japonia
52%
Pest Komitat Węgry
48%
Bătdâmbâng Prowincja Kambodża
30%
Al-Kunajtira Prowincja (Muhafaza) Syria
30%
Cochabamba Departament Boliwia
22%
Wilajet Sogdyjski Wilajet Tadżykistan
11%
Nie znaleziono quizów pasujących do podanych kryteriów
Rozkład punktacji
Procent ludzi z każdym wynikiem
Percentyl według liczby udzielonych odpowiedzi
Twoja historia wyników
Nie rozwiązałeś tego quizu